Sladkovodné akvárium

Bibliographic Details
Main Author: Eliáš, Jaroslav (Author)
Format: Article
Language:Slovak
ISSN:0862-5573
Subjects:

MARC

LEADER 00000nab a2200000 a 4500
001 vtls000681938
003 SK-MaSNL
005 20260303043538.0
008 140328c1998 xo 0 slo
015 |a SNBRB1998/12-33500 
035 |a CLN000034105 
040 |a SNKBUCL  |b slo  |c SNKBUCL  |e AACR2 
041 0 |a slo 
044 |a xo  |c SK 
080 |a 636.98:597.5  |2 1997 
100 1 |a Eliáš, Jaroslav  |4 aut  |9 663661 
245 1 0 |a Sladkovodné akvárium  |c Jaroslav Eliáš 
650 0 7 |a sladkovodné akváriá  |2 SNKPH  |9 220483 
650 0 7 |a akváriové ryby  |2 SNKPH  |9 30232 
655 7 |a články z novín a časopisov  |2 SNK  |9 267496 
773 0 |t Chovateľ  |g Roč. 34, č. 12 (1998), s. 436-437  |x 0862-5573 
850 |a Slovenská národná knižnica v Martine 
852 |a SNK  |b KIS3GCP 
992 |a RBX 
999 |c 1697331  |d 1699261